Effect of three antibiotics on diarrhea of suckling piglets at min kimsan farm kong pisei district, kampong speu province, ប្រសិទ្ធភាពអង់ទីប៊ីយ៉ូទិចបីប្រភេទលើជំងឺរាកកូនជ្រូកអំឡុងពេលបៅដោះនៅកសិដ្ឋាន មិន គឹមសាន ស្រុកគងពិសី ខេត្តកំពង់ស្ពឺ (Record no. 7151)

000 -LEADER
fixed length control field 00785nam a22001217a 4500
040 ## - CATALOGING SOURCE
Transcribing agency RUA
082 ## - DEWEY DECIMAL CLASSIFICATION NUMBER
Classification number VEM KEN 2014 B435 O.1
100 ## - MAIN ENTRY--AUTHOR NAME
Personal name KENG RATHANA; កេង រតនា
245 ## - TITLE STATEMENT
Title Effect of three antibiotics on diarrhea of suckling piglets at min kimsan farm kong pisei district, kampong speu province, ប្រសិទ្ធភាពអង់ទីប៊ីយ៉ូទិចបីប្រភេទលើជំងឺរាកកូនជ្រូកអំឡុងពេលបៅដោះនៅកសិដ្ឋាន មិន គឹមសាន ស្រុកគងពិសី ខេត្តកំពង់ស្ពឺ
300 ## - PHYSICAL DESCRIPTION
Number of Pages ix,45p.
Other physical details ill.
Dimensions 29cm.
856 ## - ELECTRONIC LOCATION AND ACCESS
Uniform Resource Identifier https://drive.google.com/file/d/1ac-tJr9QTJi2_2VoBnOIHRhfWUplzQEy/view?usp=sharing
942 ## - ADDED ENTRY ELEMENTS (KOHA)
Koha item type VEM
952 ## - LOCATION AND ITEM INFORMATION (KOHA)
Withdrawn status [LOCAL, KOHA] 0
952 ## - LOCATION AND ITEM INFORMATION (KOHA)
Withdrawn status [LOCAL, KOHA] 0
952 ## - LOCATION AND ITEM INFORMATION (KOHA)
Withdrawn status [LOCAL, KOHA] 0
952 ## - LOCATION AND ITEM INFORMATION (KOHA)
Withdrawn status [LOCAL, KOHA] 0
952 ## - LOCATION AND ITEM INFORMATION (KOHA)
Withdrawn status [LOCAL, KOHA] 0
952 ## - LOCATION AND ITEM INFORMATION (KOHA)
Withdrawn status [LOCAL, KOHA] 0
952 ## - LOCATION AND ITEM INFORMATION (KOHA)
Withdrawn status [LOCAL, KOHA] 0
952 ## - LOCATION AND ITEM INFORMATION (KOHA)
Withdrawn status [LOCAL, KOHA] 0
Holdings
Permanent Location Date acquired Koha item type Lost status Shelving location Barcode Current Location Full call number
Library Block B2016-02-27VEM B435RUA053242Library Block BVEM KEN 2014 B435 O.1
Library Block B2016-02-27VEM B435RUA052651Library Block BVEM KEN 2014 B435 O.2
Library Block B2016-02-27VEM B435RUA052519Library Block BVEM KEN 2014 B435 O.3
Library Block B2016-02-27VEM B435RUA052630Library Block BVEM KEN 2014 B435 O.4
Library Block B2016-02-27VEM B435RUA052459Library Block BVEM KEN 2014 B435 O.5
Library Block B2016-02-27VEM B435RUA052454Library Block BVEM KEN 2014 B435 O.6
Library Block B2016-02-27VEM B435RUA052767Library Block BVEM KEN 2014 B435 O.7
Library Block B2016-02-27VEM B435RUA052517Library Block BVEM KEN 2014 B435 O.8
មជ្ឈមណ្ឌលឯការនៃសាកលវិទ្យាល័យភូមិន្ទកសិកម្មចំការដូង

Powered by Koha